<?xml version="1.0" encoding="UTF-8"?>
<record
    xmlns:xsi="http://www.w3.org/2001/XMLSchema-instance"
    xsi:schemaLocation="http://www.loc.gov/MARC21/slim http://www.loc.gov/standards/marcxml/schema/MARC21slim.xsd"
    xmlns="http://www.loc.gov/MARC21/slim">

  <leader>00704nam a22001937a 4500</leader>
  <controlfield tag="005">20251220094156.0</controlfield>
  <controlfield tag="008">251216b        |||||||| |||| 00| 0 eng d</controlfield>
  <datafield tag="040" ind1=" " ind2=" ">
    <subfield code="c">AL</subfield>
  </datafield>
  <datafield tag="041" ind1=" " ind2=" ">
    <subfield code="a">Konkani/Devanagari</subfield>
  </datafield>
  <datafield tag="082" ind1=" " ind2=" ">
    <subfield code="a">891.468</subfield>
    <subfield code="b">TACS</subfield>
  </datafield>
  <datafield tag="100" ind1=" " ind2=" ">
    <subfield code="a">Raymond Dcunha Takode</subfield>
    <subfield code="9">249632</subfield>
  </datafield>
  <datafield tag="100" ind1=" " ind2=" ">
    <subfield code="a">&#xCB0;&#xCC7;&#xCAE;&#xC82;&#xCA1;&#xCCD; &#xCA1;&#xCBF;&#xC95;&#xCC1;&#xCA8;&#xCCD;&#xCB9;&#xCBE; &#xCA4;&#xCBE;&#xC95;&#xCCA;&#xCA1;&#xCC6; </subfield>
    <subfield code="9">249633</subfield>
  </datafield>
  <datafield tag="245" ind1=" " ind2=" ">
    <subfield code="a">Soro jiklo : Teetotalers autobiography</subfield>
    <subfield code="b">: &#xCB8;&#xCCA;&#xCB0;&#xCCA; &#xC9C;&#xCBF;&#xC95;&#xCCD;&#xCB2;&#xCCA; : &#xC9F;&#xCBF;&#xC9F;&#xCCB;&#xC9F;&#xCC6;&#xCB2;&#xCB0;&#xCCD;&#xCB8;&#xCCD; &#xC86;&#xC9F;&#xCCB;&#xCAC;&#xCAF;&#xCBE;&#xC97;&#xCCD;&#xCB0;&#xCAB;&#xCBF; </subfield>
  </datafield>
  <datafield tag="260" ind1=" " ind2=" ">
    <subfield code="a">Mangaluru</subfield>
    <subfield code="b">Pingara Media</subfield>
    <subfield code="c">2025</subfield>
  </datafield>
  <datafield tag="650" ind1=" " ind2=" ">
    <subfield code="a">Autobiography</subfield>
    <subfield code="9">249295</subfield>
  </datafield>
  <datafield tag="650" ind1=" " ind2=" ">
    <subfield code="a">Konkani Miscellaneous</subfield>
    <subfield code="9">249296</subfield>
  </datafield>
  <datafield tag="650" ind1=" " ind2=" ">
    <subfield code="a">Takode</subfield>
    <subfield code="9">249570</subfield>
  </datafield>
  <datafield tag="942" ind1=" " ind2=" ">
    <subfield code="2">ddc</subfield>
    <subfield code="c">BK</subfield>
  </datafield>
  <datafield tag="999" ind1=" " ind2=" ">
    <subfield code="c">240730</subfield>
    <subfield code="d">240730</subfield>
  </datafield>
  <datafield tag="952" ind1=" " ind2=" ">
    <subfield code="0">0</subfield>
    <subfield code="1">0</subfield>
    <subfield code="2">ddc</subfield>
    <subfield code="4">0</subfield>
    <subfield code="7">0</subfield>
    <subfield code="8">KON</subfield>
    <subfield code="a">AL</subfield>
    <subfield code="b">AL</subfield>
    <subfield code="c">SK</subfield>
    <subfield code="d">2025-12-12</subfield>
    <subfield code="e">Raymond DCunha, Bishops House, Mangaluru-575003</subfield>
    <subfield code="g">199.00</subfield>
    <subfield code="l">0</subfield>
    <subfield code="o">891.468 TACS</subfield>
    <subfield code="p">078006</subfield>
    <subfield code="r">2025-12-16 15:06:12</subfield>
    <subfield code="v">199.00</subfield>
    <subfield code="w">2025-12-04</subfield>
    <subfield code="y">BK</subfield>
  </datafield>
</record>
